Trade policy issues (Record no. 60203)

MARC details
000 -LEADER
fixed length control field 01099nam a2200241 a 4500
008 - FIXED-LENGTH DATA ELEMENTS--GENERAL INFORMATION
fixed length control field 120416s1997 ||||||||||||||||| || u
020 ## - INTERNATIONAL STANDARD BOOK NUMBER
International Standard Book Number 155775621x
050 ## - LIBRARY OF CONGRESS CALL NUMBER
Classification number IMF(02)
100 ## - MAIN ENTRY--PERSONAL NAME
Personal name Kirmani, Naheed
245 10 - TITLE STATEMENT
Title Trade policy issues
Statement of responsibility, etc. edited by Chorng-Huey Wong
260 ## - PUBLICATION, DISTRIBUTION, ETC.
Place of publication, distribution, etc. Washington, D.C.:
Name of publisher, distributor, etc. International Monetary Fund
Date of publication, distribution, etc. 1997
300 ## - PHYSICAL DESCRIPTION
Extent x, 197p.: ill.
350 ## - PRICE (NR) (BK AM CF MU VM SE) [OBSOLETE]
Price 0.00
500 ## - GENERAL NOTE
General note "Papers presented at the Seminar on Trade Policy Issues, March 6-10, 1995." -"IMF Institute and Policy Development and Review Department." -Includes bibliographical references.
650 ## - SUBJECT ADDED ENTRY--TOPICAL TERM
Topical term or geographic name entry element WORLD TRADE ORGANIZATION--CONGRESSES
650 ## - SUBJECT ADDED ENTRY--TOPICAL TERM
Topical term or geographic name entry element FREE TRADE--CONGRESSES
650 ## - SUBJECT ADDED ENTRY--TOPICAL TERM
Topical term or geographic name entry element URUGUAY ROUND (1987-1994) - CONGRESSES
650 ## - SUBJECT ADDED ENTRY--TOPICAL TERM
Topical term or geographic name entry element COMMERCIAL POLICY--CONGRESS
700 ## - ADDED ENTRY--PERSONAL NAME
Personal name Wong, Chorng-Huey
710 ## - ADDED ENTRY--CORPORATE NAME
Corporate name or jurisdiction name as entry element International Monetary Fund. Policy Development and Review Dept
710 ## - ADDED ENTRY--CORPORATE NAME
Corporate name or jurisdiction name as entry element Seminar on Trade Policy Issues (1995 : Washington, D.C.)
995 ## - RECOMMENDATION 995 [LOCAL, UNIMARC FRANCE]
-- 0.00
-- CBU-MAIN LIBRARY (Kitwe)
-- 1
-- 0.00
-- 1
-- AVAILABLE
-- Annex Low-Usage Collection
Holdings
Withdrawn status Lost status Source of classification or shelving scheme Damaged status Not for loan Home library Current library Shelving location Date acquired Total Checkouts Full call number Barcode Date last seen Price effective from Koha item type
          CBU-MAIN LIBRARY, KITWE. CBU-MAIN LIBRARY, KITWE.   11/30/2022   IMF(02) 021157 11/30/2022 11/30/2022 MONOGRAPH